000 00423nam a2200145Ia 4500
008 230917s9999||||xx |||||||||||||| ||und||
040 _e171547
_aMAIN
041 _aEnglish
082 _a891.432741 TS543E
100 _aतिवारी, सुरेन्द्र कुमार
245 0 _aएक और राजा
260 _aअभिव्यंजना
_c1980
300 _a130 पृ. p.
942 _cHN
999 _c213417
_d213417